00310nam a22001217a 4500008004100000020002200041100001700063245004800080250000800128260003600136300000800172650000800180250901b |||||||| |||| 00| 0 eng d a978-93-6696-704-2 aS. R. Myneni aLaw Relating To Women (Women & Law) 6th Ed. a6th aHyderabadbAsia Law Housec2025 a600 aLaw